000 00834nam a2200289Ia 4500
003 OSt
005 20221006153211.0
006 a|||||r|||| 00| 0
007 ta
008 221006b |||||||| |||| 00| 0 kor d
020 _a9788953307896
_cW 5,500
024 _a31,588
037 _bGift, Korean Embassy
_cTextual
040 _aEASL
_cEASL
_bkor
041 _2kor
_akor
082 _aO111,3, P5
100 _aCARROL Leveis Au.
_9662879
245 0 _aYisanghan nara-ui Alice = Alice's adventures in Wonderlan
260 _aSeoul
_bKyelim.com Korea
_c2005
300 _a215p.
_ccm.
490 _v KL
650 _a KL
650 _aStory
700 _a SIM Sang-Woo Ed.
_9662880
942 _hO111,3, P5
_cTEXL
_2CC
999 _c1099674
_d1099674